Sudan : Staff Report for the 2012 Article IV Consultation.

Staff Report for the 2012 Article IV consultation, prepared by a staff team of the IMF, following discussions that ended on July 23, 2012, with the officials of Sudan on economic developments and policies. Based on information available at the time of these discussions, the staff report was complete...

Celý popis

Podrobná bibliografie
Korporativní autor: International Monetary Fund. Middle East and Central Asia Dept
Médium: Časopis
Jazyk:English
Vydáno: Washington, D.C. : International Monetary Fund, 2012.
Edice:IMF Staff Country Reports; Country Report ; No. 2012/298
On-line přístup:Full text available on IMF
LEADER 01550cas a2200241 a 4500
001 AALejournalIMF021985
008 230101c9999 xx r poo 0 0eng d
020 |c 5.00 USD 
020 |z 9781475548341 
022 |a 1934-7685 
040 |a BD-DhAAL  |c BD-DhAAL 
110 2 |a International Monetary Fund.  |b Middle East and Central Asia Dept. 
245 1 0 |a Sudan :   |b Staff Report for the 2012 Article IV Consultation. 
264 1 |a Washington, D.C. :  |b International Monetary Fund,  |c 2012. 
300 |a 1 online resource (77 pages) 
490 1 |a IMF Staff Country Reports 
500 |a <strong>Off-Campus Access:</strong> No User ID or Password Required 
500 |a <strong>On-Campus Access:</strong> No User ID or Password Required 
506 |a Electronic access restricted to authorized BRAC University faculty, staff and students 
520 3 |a Staff Report for the 2012 Article IV consultation, prepared by a staff team of the IMF, following discussions that ended on July 23, 2012, with the officials of Sudan on economic developments and policies. Based on information available at the time of these discussions, the staff report was completed on September 7, 2012. The views expressed in the staff report are those of the staff team and do not necessarily reflect the views of the Executive Board of the IMF. 
538 |a Mode of access: Internet 
830 0 |a IMF Staff Country Reports; Country Report ;  |v No. 2012/298 
856 4 0 |z Full text available on IMF  |u http://elibrary.imf.org/view/journals/002/2012/298/002.2012.issue-298-en.xml  |z IMF e-Library